000 00291nam a22001217a 4500
005 20230722094753.0
008 230722b ||||| |||| 00| 0 eng d
040 _cAL
041 _aeng
245 _aStudy on the socio- economic conditions of lambanis
260 _c2003
942 _2ddc
_cBK
999 _c228065
_d228065